| 000 | 01166nac a22002891u 4500 | ||
|---|---|---|---|
| 010 | _a96001868 | ||
| 020 | _a0821335588 : | ||
| 082 | 0 | 0 |
_a338.9 _bWOR |
| 090 |
_c8981 _d8981 |
||
| 100 | _a20080729 | ||
| 110 | _aEnvironmentally Sustainable Development. | ||
| 245 | 0 | 4 | _aThe World Bank participation sourcebook : |
| 260 |
_aWashington, D.C. : _bWorld Bank,1996 _cc1996. |
||
| 300 |
_axvi, 259 p. : _bill., _c28 cm. |
||
| 440 |
_aStudies and Monographs Series _n4 ; |
||
| 500 | _a"Environmentally Sustainable Development." | ||
| 500 | _aDistributer : Dar Fathy Taha Mohamed Desoukey | ||
| 504 | _aIncludes bibliographical references and index. | ||
| 511 | _aCatalogued by: Sara | ||
| 610 | 2 | 0 | _aWorld Bank. |
| 650 | 0 |
_aEconomic development projects _xCase studies _xHandbooks, manuals, etc. |
|
| 650 | 0 |
_aEconomic development projects _xCitizen participation _xCase studies _xHandbooks, manuals, etc. |
|
| 650 | 0 |
_aCommunity development _xCase studies _xHandbooks, manuals, etc. |
|
| 710 | 2 | _aWorld Bank. | |
| 710 | 2 |
_aWorld Bank. _bEnvironmentally Sustainable Development. |
|
| 942 |
_cBB _k338.9WOR |
||
| 999 |
_c8981 _d8981 |
||